000 01228aam a2200313 i 4500
001 768714001
003 CO-MdFUSB
005 20220706172310.0
007 ta
008 220706t2006 arg |||| |||| 00| 0 spa d
020 _a978557127x
040 _bspa.
_aCO-MdFUSB
_cCO-MdFUSB
_dCO-MdFUSBC
_erda
041 _aspa
082 0 4 _a249
_223
_bB765t
100 1 _aBounds, Edward M. (McKendree) (1835-1913)
_eautor
245 1 3 _aLas posibilidades de la oración
_c/ E. M. Bouns ; traducido por Romina Arvelo
264 1 _aBuenos Aires, Argentina :
_bEditorial Peniel,
_c[2006]
264 4 _c© 2006
300 _a155 Páginas
_c; 17 cm
336 _atexto
_btxt
_2rdacontent
337 _2rdamedia
_asin mediación
_bn
338 _2rdacarrier
_avolumen
_bnc
505 _aEl ministerio de la oración. -- La oración y las promesas. -- La oración, sus posibilidades. -- La oración, su amplio alcance. -- La oración, hechos e historia. -- La oración contestada. -- Los milagros de la oración. -- Las maravillas de Dios por medio de la oración. -- La oración y la divina providencia.
563 _aRústico
650 7 _aOración
_986
700 _97243
_aArvelo, Romina,
_etraductor
942 _cBK
945 _aJTF-925
999 _c36287
_d36287